00521 2200193 4500001002100000005001500021035002000036007000300056008004100059020002200100082000800122084001400130100001800144245006300162250001100225260004100236300003300277650001700310INLIS00000000000126120211004083150 a0010-1021000033ta211004 d f ind  a978-602-03-6131-4 a823 a823 J. h0 aJ. K. Rowling1 aHarry Potter And The Order Of The Phoenix /cJ. K. Rowling aCet. 1 aJakarta :bPT Gramedia Pustaka Utama a1208 hlm. ;c13,5 cm x 20 cm anovel remaja